[Event "Tourn. n10132"]
[Site "www.echecsemail.com"]
[Date "2019.08.06"]
[Round "1"]
[White "Obisporey"]
[Black "Conde7"]
[WhiteElo "2580"]
[BlackElo "2810"]
[Result "0-1"]
[Round "1"]
1.e4 e5
2.d4 exd4
3.Ng1f3 Bf8b4
4.c3 dxc3
5.Nb1xc3 Ng8f6
6.e5 Nf6e4
7.Qd1d4 Bb4xc3
8.bxc3 d5
9.c4 Nb8c6
10.Qd4xd5 Bc8f5
11.Nf3g5 Ne4xg5
12.Qd5xd8 Ra8xd8
13.Bc1xg5 Rd8d7
14.Ra1d1 Nc6xe5
15.Rd1xd7 Kxd7
16.Bg5e3 Bf5e6
17.Be3d4 Ne5xc4
18.Bd4xg7 Rh8g8
19.Bg7c3 Nc4d6
20.a3 Be6c4
21.f3 b5
22.Bc3d4 Bc4xf1
23.Kxf1 c5
24.Bd4xc5 Rg8c8
25.Bc5e3 Rc8c2
26.Rh1g1 a5
27.Ke1 b4
28.axb4 axb4
29.Kd1 b3
30.Be3h6 Nd6c4
31.Bh6c1 Rc2f2
32.h4 b2
33.Bc1xb2 Nc4xb2
34.Kc1 Nb2d3
35.Kb1 Ke6
36.Rg1d1 Nd3e5
37.Rd1e1 Kf5
38.g4 Kf4
39.Re1e4 Kxf3
40.Re4xe5 Kxg4
41.Re5e4 Rf2f4
42.Re4e1 Kxh4
43.Kc2 h5
44.Re1g1 f6
45.Kd3 Rf4g4
46.Rg1c1 f5
47.Ke3 Kg3
48.Rc1g1 Kh3
49.Rg1f1 Rg4g3
50.Kf4 Kg2
51.Rf1d1 Rg3f3
52.Kg5 f4
53.Rd1d8 Kg3
54.Rd8g8 h4
55.Kh5 Kf2
56.Kxh4 Rf3e3
57.Rg8a8 f3
58.Kh3 Kf1
59.Ra8a1 Re3e1
60.Ra1a2 f2
61.Kg3 Re1e3
{ resign }
0-1

[Event "Tourn. n10154"]
[Site "www.echecsemail.com"]
[Date "2019.08.06"]
[Round "1"]
[White "Tartan"]
[Black "Fegatux"]
[WhiteElo "2440"]
[BlackElo "2330"]
[Result "1-0"]
[Round "1"]
1.d4 Ng8f6
2.c4 g6
3.Nb1c3 Bf8g7
4.e4 d6
5.Ng1f3 O-O
6.Bf1e2 e5
7.Bc1e3 Nb8c6
8.d5 Nc6e7
9.Nf3d2 Nf6d7
10.b4 f5
11.f3 f4
12.Be3f2 a5
13.a3 g5
14.c5 axb4
15.axb4 Ra8xa1
16.Qd1xa1 Nd7f6
17.cxd6 cxd6
18.Nd2c4 Ne7g6
19.Nc3b5  { time }
1-0

[Event "Tourn. n10165"]
[Site "www.echecsemail.com"]
[Date "2019.08.06"]
[Round "1"]
[White "Seger"]
[Black "Drawlward"]
[WhiteElo "2860"]
[BlackElo "2720"]
[Result "1-0"]
[Round "1"]
1.e4 c5
2.c3 d5
3.exd5 Qd8xd5
4.d4 Ng8f6
5.Ng1f3 Bc8g4
6.Nb1d2 Nb8c6
7.dxc5 e6
8.Nd2b3 Qd5xd1
9.Kxd1 O-O-O
10.Ke1 Nf6d5
11.Bf1e2 Bg4f5
12.h4 e5
13.g3 Bf8e7
14.Kf1 Rh8f8
15.Kg2  { time }
1-0

[Event "Match"]
[Site "www.echecsemail.com"]
[Date "2019.08.06"]
[Round "1"]
[White "Ditto"]
[Black "Hundegana"]
[WhiteElo "1810"]
[BlackElo "1980"]
[Result "0-1"]
[Round "1"]
1.d4 c5
2.d5 d6
3.c4 Bc8d7
4.Ng1f3 Ng8f6
5.Bc1g5 Nf6e4
6.e3 Qd8a5
7.Nb1d2 Bd7g4
8.Bg5h4 Bg4xf3
9.gxf3 Ne4xd2
10.Qd1xd2 Qa5xd2
11.Kxd2 Nb8d7
12.Bf1h3 Nd7b6
13.b3 g6
14.Rh1g1 Bf8g7
15.Rg1g4 Bg7xa1
16.Rg4e4 f6
17.Bh4g3 f5
18.Re4e6 Kd7
19.Bg3h4 Nb6c8
20.e4 Rh8f8
21.Bh4g5 Rf8f7
22.exf5 gxf5
23.f4 a5
24.Bh3g2 a4
25.Re6e1 Ba1d4
26.Re1e2 axb3
27.axb3 Ra8a2
28.Kd3 Ra2xe2
29.Kxe2 Nc8b6
30.Bg2f3 Rf7f8
31.Bg5h6 Rf8a8
32.Bh6g5 Ra8a3
33.Bf3h5 Ra3xb3
34.Bh5f7 Nb6xc4
35.Bf7g8 Rb3b2
36.Kf3 Rb2xf2
37.Kg3 h5
38.Bg8h7 e6
39.dxe6 Kc7
40.e7 Rf2e2
41.Bh7g6 h4
42.Bg5xh4 b5
43.e8Q Re2xe8
44.Bg6xe8 Nc4e3
45.Be8xb5 c4
46.Kf3 c3
47.Ke2 c2
{ resign }
0-1

[Event "Tourn. n10145"]
[Site "www.echecsemail.com"]
[Date "2019.08.06"]
[Round "1"]
[White "Asoka"]
[Black "Pdebonis"]
[WhiteElo "2750"]
[BlackElo "2730"]
[Result "1/2-1/2"]
[Round "1"]
1.e4 c5
2.Nb1c3 Nb8c6
3.Ng1f3 d6
4.d4 cxd4
5.Nf3xd4 Ng8f6
6.Bc1g5 e6
7.Qd1d2 Bf8e7
8.O-O-O Nc6xd4
9.Qd2xd4 a6
10.f4 O-O
11.Bf1e2 Bc8d7
12.Bg5xf6 gxf6
13.g4 Bd7c6
14.Rd1d3 Kh8
15.Rd3h3 Rf8g8
16.Kb1 b5
17.Be2f3 Ra8b8
18.Nc3e2 b4
19.f5 e5
20.Qd4f2 Be7f8
21.Rh1d1 a5
22.Ne2g3 a4
23.Ng3f1 Qd8c7
24.Nf1e3 Bf8e7
25.Qf2d2 Rb8c8
26.Qd2g2 Qc7b7
27.Rh3h6 b3
28.cxb3 axb3
29.a3 Be7d8
{ draw }
1/2-1/2

[Event "Match"]
[Site "www.echecsemail.com"]
[Date "2019.08.06"]
[Round "1"]
[White "Mdesouza"]
[Black "Chapi"]
[WhiteElo "2160"]
[BlackElo "2130"]
[Result "1-0"]
[Round "1"]
1.e4 c5
2.c3 Nb8c6
3.Ng1f3 Ng8f6
4.e5 Nf6g4
5.d4 cxd4
6.cxd4 Qd8b6
7.Nb1c3 e6
8.Bf1e2  { time }
1-0

[Event "Tourn. n10164"]
[Site "www.echecsemail.com"]
[Date "2019.08.06"]
[Round "1"]
[White "Francesco"]
[Black "Bigrezi"]
[WhiteElo "2200"]
[BlackElo "2090"]
[Result "0-1"]
[Round "1"]
1.e4 e6
2.d4 d5
3.exd5 exd5
4.Bf1d3 Nb8c6
5.c3 Ng8f6
6.Bc1g5 Bf8e7
7.Nb1d2 h6
8.Bg5h4 Nf6h5
9.Bh4xe7 Qd8xe7
10.Qd1e2 Nh5f4
11.Qe2xe7 Nc6xe7
12.Bd3f1 Bc8f5
13.g3 Nf4e6
14.f4 g5
15.fxg5 hxg5
16.O-O-O g4
17.Ng1e2 O-O-O
18.Bf1g2 Bf5d3
19.Rd1e1 Ne7f5
20.Nd2b3 Nf5e3
21.Bg2f1 Bd3e4
22.Rh1g1 Rh8xh2
23.Nb3c5 Ne6g5
24.Ne2f4 Rh2c2
25.Kb1 Rc2e2
{ resign }
0-1

[Event "Tourn. n10142"]
[Site "www.echecsemail.com"]
[Date "2019.08.06"]
[Round "1"]
[White "Rons"]
[Black "Pdebonis"]
[WhiteElo "2650"]
[BlackElo "2720"]
[Result "1/2-1/2"]
[Round "1"]
1.e4 e6
2.d4 d5
3.Nb1c3 Bf8b4
4.e5 c5
5.a3 Bb4xc3
6.bxc3 Ng8e7
7.Qd1g4 O-O
8.Bf1d3 f5
9.exf6 Rf8xf6
10.Bc1g5 Rf6f7
11.Qg4h5 g6
12.Qh5d1 Nb8c6
13.Ng1f3 Qd8a5
14.Bg5d2 c4
15.Bd3e2 Bc8d7
16.h4 Ra8f8
17.h5 gxh5
18.Rh1xh5 Rf7f5
19.Rh5h3 Ne7g6
20.Kf1 Ng6f4
21.Rh3g3 Kh8
22.Qd1e1 Qa5d8
23.Kg1 Qd8e7
24.Be2d1 Bd7e8
25.Nf3h2 Be8g6
26.Bd2e3 Rf5f7
27.Qe1d2 Bg6e4
{ draw }
1/2-1/2

[Event "Tourn. n10156"]
[Site "www.echecsemail.com"]
[Date "2019.08.06"]
[Round "1"]
[White "Szustan"]
[Black "Dougbeer"]
[WhiteElo "2620"]
[BlackElo "2530"]
[Result "1/2-1/2"]
[Round "1"]
1.e4 e5
2.Ng1f3 Nb8c6
3.Nb1c3 Ng8f6
4.d4 exd4
5.Nc3d5 Nc6b4
6.Bf1c4 Nb4xd5
7.exd5 Bf8b4
8.Bc1d2 Qd8e7
9.Qd1e2 Bb4xd2
10.Kxd2 Qe7xe2
11.Kxe2 c5
12.dxc6 bxc6
13.Nf3xd4 d5
14.Bc4d3 c5
15.Nd4b5 O-O
16.b3 a6
17.Nb5c3 c4
18.bxc4 dxc4
19.Bd3xc4 Bc8b7
20.Rh1d1 Bb7xg2
21.f3 Ra8c8
22.Rd1d4 Bg2h3
23.Kd2 Rc8c6
24.Nc3d5 Nf6xd5
25.Bc4xd5 Rc6b6
26.Ra1c1 Bh3f5
27.h4 g6
28.Ke3 Rf8e8
29.Bd5e4 Bf5xe4
30.fxe4 Rb6b2
31.c4 Rb2xa2
32.c5 Kf8
33.c6 Re8c8
34.Rd4d7 { draw }
1/2-1/2

[Event "Fast Game"]
[Site "www.echecsemail.com"]
[Date "2019.08.06"]
[Round "1"]
[White "Comrade"]
[Black "Apdash"]
[WhiteElo "1899"]
[BlackElo "1960"]
[Result "1-0"]
[Round "1"]
1.e4 c5
2.Ng1f3 d6
3.d4 cxd4
4.Nf3xd4 Nb8c6
5.Nb1c3 Bc8d7
6.Bf1e2 g6
7.Bc1e3 Bf8g7
8.O-O a6
9.f4 e6
10.Qd1d2 Ng8e7
11.Ra1d1 Ne7c8
12.a3 O-O
13.f5 Nc6xd4
14.Be3xd4 exf5
15.Bd4xg7 Kxg7
16.Qd2d4 f6
17.exf5 Bd7xf5
18.Rd1d2 Nc8e7
19.Be2f3 Ra8b8
20.g4 Bf5e6
21.Rf1e1 Be6g8
22.g5 Ne7f5
23.gxf6 Rf8xf6
24.Qd4b4 b5
25.Bf3g4 Qd8b6
26.Kh1 Nf5e3
27.Bg4h3 a5
28.Qb4e4 Ne3c4
29.Rd2d4 Nc4xb2
30.Re1b1 d5
31.Qe4e5 Rb8e8
32.Qe5xe8 Bg8f7
33.Qe8e5 Nb2c4
34.Rd4xc4 dxc4
35.Rb1xb5 Qb6f2
36.Rb5b1 Bf7e8
37.Qe5xe8 Qf2f3
38.Bh3g2 Qf3xc3
39.Qe8e4 h5
40.Rb1f1 Rf6xf1
41.Bg2xf1 Qc3a1
42.Qe4xc4 Qa1xa3
43.c3 Qa3c1
44.Qc4d4 Kh6
45.Qd4f6 a4
46.h4 Kh7
47.Kg2 Qc1d2
48.Kf3 Qd2d1
49.Ke3 Qd1c1
50.Kd4 a3
51.Bf1c4 Qc1d2
52.Kc5 a2
53.Qf6f7 Kh6
54.Qf7f8 Kh7
55.Qf8g8 { resign }
1-0

[Event "Match"]
[Site "www.echecsemail.com"]
[Date "2019.08.07"]
[Round "1"]
[White "Bojan"]
[Black "Ztornad"]
[WhiteElo "1960"]
[BlackElo "1940"]
[Result "1/2-1/2"]
[Round "1"]
1.e4 e5
2.Ng1f3 d6
3.d4 Nb8c6
4.dxe5 Nc6xe5
5.Nf3xe5 dxe5
6.Qd1xd8 Kxd8
7.Bf1c4 Bc8e6
8.Bc4xe6 fxe6
9.O-O Bf8d6
10.Bc1g5 Ng8f6
11.Nb1d2 h6
12.Bg5e3 b6
13.f3 g5
14.h3 Nf6h5
15.g4 Nh5f4
16.Nd2c4 Nf4e2
17.Kf2 Ne2d4
18.c3 Nd4c2
19.Nc4xd6 cxd6
20.Ra1d1 Nc2xe3
21.Kxe3 Ke7
22.c4 Ra8d8
23.Rd1d3 Rd8b8
24.Rf1d1 Rh8d8
25.a4 Rb8c8
26.b3 a6
27.Rd1c1 b5
28.axb5 axb5
29.Rd3d1 bxc4
30.bxc4 Rc8c5
31.Rd1d2 Rc5c6
32.Rd2a2 Rd8d7
33.Kd3 d5
34.c5 dxe4
35.Kxe4 Kf6
36.Ra2a4 Rd7d5
37.Ra4c4 Rd5d2
38.Rc1c2 Rd2d5
39.Rc2c3 Rd5d2
40.Rc3c2 Rd2d7
41.Rc4c3 Rd7d4
42.Ke3 Rc6c7
43.Rc3c4 Rd4d5
{ draw }
1/2-1/2

[Event "Tourn. n10172"]
[Site "www.echecsemail.com"]
[Date "2019.08.07"]
[Round "1"]
[White "Liencam2"]
[Black "Bojan"]
[WhiteElo "2230"]
[BlackElo "1960"]
[Result "0-1"]
[Round "1"]
1.e4 e5
2.Ng1f3 d6
3.d4 Bc8g4
4.dxe5 Bg4xf3
5.Qd1xf3 dxe5
6.Bf1c4 Qd8f6
7.Qf3b3 b6
8.O-O Bf8d6
9.Nb1c3 c6
10.Nc3e2 Ng8e7
11.f4 O-O
12.f5 Nb8d7
13.Qb3g3 h6
14.Bc1e3 Kh7
15.Ra1d1 Nd7c5
16.Qg3g4 Ne7g8
17.Rf1f3 Rf8d8
18.Rf3h3 Qf6e7
19.Qg4h5 Ng8f6
20.Qh5xf7 Qe7xf7
21.Bc4xf7 Nc5xe4
22.g4 Nf6xg4
23.Be3c1 Ng4f2
24.Rh3d3 Nf2xd1
25.Rd3xd1 Bd6c5
26.Kg2 Rd8xd1
{ resign }
0-1

[Event "Tourn. n10147"]
[Site "www.echecsemail.com"]
[Date "2019.08.07"]
[Round "1"]
[White "Numanoid"]
[Black "Fegatux"]
[WhiteElo "2760"]
[BlackElo "2300"]
[Result "1-0"]
[Round "1"]
1.e4 e6
2.d4 d5
3.e5 c5
4.c3 Nb8c6
5.Ng1f3 Qd8b6
6.a3 Ng8h6
7.b4 cxd4
8.cxd4 Nh6f5
9.Bc1b2 Bf8e7
10.Bf1d3 a5
11.Qd1a4 O-O
12.b5 Bc8d7
13.O-O Rf8c8
14.Bd3xf5 exf5
15.Nb1c3 Bd7e6
16.bxc6 Qb6xb2
17.Rf1b1 Qb2xc3
18.cxb7  { time }
1-0

[Event "Tourn. n10172"]
[Site "www.echecsemail.com"]
[Date "2019.08.07"]
[Round "1"]
[White "Hundegana"]
[Black "Fantomas"]
[WhiteElo "2020"]
[BlackElo "2190"]
[Result "0-1"]
[Round "1"]
1.f4 e5
2.d3 Nb8c6
3.fxe5 Nc6xe5
4.Bc1f4 Qd8f6
5.Bf4xe5 Qf6xe5
6.c3 Ng8f6
7.Ng1f3 Qe5e3
8.Qd1d2 Qe3b6
9.b4 d5
10.e3 Bf8d6
11.Bf1e2 Bc8f5
12.O-O Bd6f4
13.Nf3d4 Bf4xh2
14.Kxh2 Bf5g6
15.Qd2e1 O-O-O
16.a4 Qb6d6
17.Qe1g3 Qd6xg3
18.Kxg3 Rh8e8
19.Kf2 Re8e7
20.e4 dxe4
21.dxe4 Nf6xe4
22.Kg1 Rd8e8
23.Ra1a2 Ne4g3
24.Rf1e1 Bg6xb1
25.Re1xb1 Ng3xe2
26.Nd4xe2 Re7xe2
27.Ra2xe2 Re8xe2
28.Rb1d1 Re2e6
29.g4 Re6e4
30.Kf2 Re4xg4
31.Rd1d3 f5
32.Kf3 h5
33.Rd3d5 g6
34.a5 h4
35.Rd5e5 Rg4e4
36.Re5d5 Re4g4
37.b5 Rg4c4
38.b6 axb6
39.axb6 cxb6
40.Rd5d6 Rc4xc3
41.Kg2 g5
42.Rd6xb6 h3
43.Kh2 g4
44.Rb6f6 Rc3f3
45.Rf6e6 f4
46.Re6g6 Rf3g3
47.Rg6f6 Rg3g2
48.Kh1 Rg2f2
49.Rf6g6 g3
50.Kg1 h2
51.Kh1 Rf2f1
52.Kg2 h1Q
{ resign }
0-1

[Event "Match"]
[Site "www.echecsemail.com"]
[Date "2019.08.07"]
[Round "1"]
[White "Ztornad"]
[Black "Chapi"]
[WhiteElo "1970"]
[BlackElo "2120"]
[Result "1-0"]
[Round "1"]
1.e4 c5
2.c4 Nb8c6
3.Ng1e2 d6
4.Nb1c3 g6
5.Nc3d5 e6
6.Nd5f4 Ng8f6
7.d3 Bf8g7
8.Qd1a4 O-O
9.h3 Bc8d7
10.Qa4c2 Nc6b4
11.Qc2b3 Bd7c6
12.a3 Qd8a5
13.Ne2c3 Nf6xe4
14.dxe4 Bc6xe4
15.axb4  { time }
1-0

[Event "Match"]
[Site "www.echecsemail.com"]
[Date "2019.08.07"]
[Round "1"]
[White "Eeze"]
[Black "Ff333"]
[WhiteElo "1910"]
[BlackElo "2040"]
[Result "0-1"]
[Round "1"]
1.e4 e5
2.Ng1f3 d6
3.h3 h6
4.c3 Ng8f6
5.d3 Bf8e7
6.b4 O-O
7.b5 c6
8.a4 b6
9.Bf1e2 c5
10.c4 Bc8e6
11.Nb1c3 a6
12.Bc1b2 Qd8d7
13.Nc3d5 Be6xd5
14.cxd5 axb5
15.axb5 Ra8xa1
16.Qd1xa1 Qd7xb5
17.d4 Qb5a5
18.Nf3d2 Qa5xa1
19.Bb2xa1 exd4
20.O-O Nb8d7
21.Ba1b2 Rf8a8
22.Rf1a1 Ra8xa1
23.Bb2xa1 Nd7e5
24.Be2b5 Nf6h5
25.g3 Ne5g6
26.Nd2c4 d3
27.Ba1c3 Be7f6
28.Bc3xf6 Nh5xf6
29.f3 Ng6e5
30.Nc4d2 c4
31.Nd2xc4 Ne5xf3
32.Kf2 Nf3g5
33.Nc4xd6 Ng5xe4
 { time }
0-1

[Event "Tourn. n10166"]
[Site "www.echecsemail.com"]
[Date "2019.08.07"]
[Round "1"]
[White "Marbachess"]
[Black "Francesco"]
[WhiteElo "2540"]
[BlackElo "2220"]
[Result "1-0"]
[Round "1"]
1.f4 d5
2.b3 Nb8c6
3.Bc1b2 Qd8d6
4.e3 Ng8f6
5.Ng1f3 Bc8g4
6.h3 Bg4f5
7.g4 Bf5e4
8.Nb1c3 O-O-O
9.Bf1g2 d4
10.Nc3xe4 Nf6xe4
11.Nf3xd4 Nc6xd4
12.Bb2xd4 c5
13.Bd4e5 Qd6xd2
14.Qd1xd2 Ne4xd2
15.Ra1d1 f6
16.Be5c3 e5
17.fxe5 fxe5
18.Rd1xd2 Rd8xd2
19.Kxd2 { resign }
1-0

[Event "1/32 Finale"]
[Site "www.chess-mail.com"]
[Date "2019.08.07"]
[Round "1"]
[White "Gvladutz"]
[Black "Szustan"]
[WhiteElo "2470"]
[BlackElo "2580"]
[Result "1/2-1/2"]
[Round "1"]
1.e4 e5
2.Ng1f3 Nb8c6
3.Bf1b5 a6
4.Bb5a4 Ng8f6
5.O-O Nf6xe4
6.d4 b5
7.Ba4b3 d5
8.dxe5 Bc8e6
9.c3 Ne4c5
10.Bb3c2 Be6g4
11.Rf1e1 Bf8e7
12.Nb1d2 Qd8d7
13.Nd2b3 Nc5e6
14.h3 Bg4h5
15.Bc2f5 O-O
16.Qd1d3 Bh5g6
17.Nb3d4 Nc6xd4
18.Nf3xd4 Be7c5
19.Bf5xg6 hxg6
20.Nd4xe6 Qd7xe6
21.Bc1g5 c6
22.Ra1d1 Ra8b8
23.Bg5e3 Bc5xe3
24.Qd3xe3 a5
25.b3 Rf8e8
26.Qe3c5 Rb8c8
27.a4 Rc8b8
28.Rd1d2 Qe6c8
29.Qc5a7 bxa4
30.bxa4 Qc8b7
31.Qa7xa5 Rb8a8
32.Qa5b4 Qb7xb4
33.cxb4 Ra8xa4
34.Re1c1 Ra4xb4
{ draw }
1/2-1/2

[Event "Tourn. n10130"]
[Site "www.echecsemail.com"]
[Date "2019.08.08"]
[Round "1"]
[White "Cal"]
[Black "Pariolinius"]
[WhiteElo "1640"]
[BlackElo "1870"]
[Result "0-1"]
[Round "1"]
1.Ng1f3 d5
2.d4 Ng8f6
3.h3 e6
4.a3 Bf8d6
5.e3 c6
6.Nb1c3 Nb8d7
7.b4 a6
8.Bc1b2 O-O
9.Bf1d3 b5
10.O-O Rf8e8
11.Nf3h4 a5
12.Nc3e2 Nf6e4
13.Nh4f3 e5
14.Bd3xe4 dxe4
15.Nf3h2 Qd8g5
16.Ne2g3 Nd7f6
17.dxe5 Bd6xe5
18.Bb2xe5 Qg5xe5
19.Qd1e2 Bc8e6
20.Ra1c1 Be6c4
21.Qe2e1 Bc4xf1
22.Nh2xf1 a4
23.f4 Qe5c7
24.c4 Ra8d8
25.cxb5 Rd8d6
26.bxc6 Rd6xc6
27.Rc1xc6 Qc7xc6
28.Nf1d2 Qc6c3
29.Qe1e2 Nf6d5
30.Ng3f1 Qc3xa3
31.Kh2 Qa3xb4
32.Qe2d1 a3
33.Nd2b3 Nd5c3
34.Qd1c2 a2
35.Nf1d2 f5
36.h4 Re8a8
37.Kh3 a1Q
38.Nb3xa1 Ra8xa1
39.Kg3 Ra1a2
40.Qc2b3 Qb4xb3
41.Nd2xb3 Nc3e2
42.Kh3 Ra2b2
43.Nb3c5 h5
44.Kh2 Ne2c1
45.Nc5e6 g6
46.Ne6c5 Rb2e2
47.Nc5e6 Re2xe3
48.Kg1 Re3c3
49.Ne6d4 Rc3c8
50.Kh2 Rc8e8
51.Nd4c6 e3
52.Nc6d4 e2
53.Nd4c2 e1Q
54.Nc2xe1 Re8xe1
55.Kg3 Re1f1
56.Kh2 Rf1xf4
57.Kg3 Rf4g4
58.Kh3 f4
59.g3 fxg3
60.Kg2 Kf7
61.Kf3 g2
{ resign }
0-1

[Event "Tourn. n10169"]
[Site "www.echecsemail.com"]
[Date "2019.08.08"]
[Round "1"]
[White "Jjmcbride"]
[Black "Passaroa25"]
[WhiteElo "1670"]
[BlackElo "1710"]
[Result "0-1"]
[Round "1"]
1.e4 Nb8c6
2.d4 b6
3.e5 e6
4.a3 Bc8b7
5.f4 Nc6e7
6.Nb1c3 c6
7.Ng1f3 Ne7f5
8.Bf1d3 Ng8e7
9.g4 Nf5h6
10.Nf3g5 g6
 { time }
0-1

[Event "Tourn. n10176"]
[Site "www.echecsemail.com"]
[Date "2019.08.08"]
[Round "1"]
[White "Bojan"]
[Black "Orhany24"]
[WhiteElo "1990"]
[BlackElo "2180"]
[Result "0-1"]
[Round "1"]
1.e4 e5
2.Ng1f3 Nb8c6
3.Bf1b5 a6
4.Bb5xc6 dxc6
5.d4 exd4
6.Qd1xd4 Qd8xd4
7.Nf3xd4 Bf8c5
8.Bc1e3 Ng8e7
9.a3 O-O
10.O-O Bc5b6
11.Rf1e1 c5
12.Nd4f3 Bc8g4
13.Nb1d2 Ra8d8
14.Nf3e5 Bg4e6
15.Nd2c4 f6
16.Nc4xb6 cxb6
17.Be3f4 fxe5
18.Bf4xe5 Rd8d7
19.f3 Rf8d8
20.Re1e2 Ne7c6
21.Be5g3 Rd7d1
22.Ra1xd1 Rd8xd1
23.Kf2 Nc6d4
24.Re2e1 Rd1d2
25.Kf1 Rd2xc2
26.b4 Be6c4
27.Kg1 Nd4e2
{ resign }
0-1

[Event "Tourn. n10168"]
[Site "www.echecsemail.com"]
[Date "2019.08.08"]
[Round "1"]
[White "Ff333"]
[Black "Bojan"]
[WhiteElo "2030"]
[BlackElo "2000"]
[Result "1/2-1/2"]
[Round "1"]
1.e4 e5
2.Ng1f3 d6
3.Bf1c4 h6
4.O-O Ng8f6
5.d3 Nb8c6
6.Nb1c3 Nc6a5
7.Bc4b5 Na5c6
8.a3 Bc8d7
9.Bb5c4 Bd7g4
10.h3 Bg4h5
11.Nc3d5 Nc6d4
12.g4 Nd4xf3
13.Qd1xf3 Bh5g6
14.Nd5xf6 gxf6
15.Kg2 h5
16.Bc1e3 Qd8d7
17.Rf1h1 O-O-O
18.Qf3xf6 Bf8e7
19.Qf6f3 Be7h4
20.Ra1g1 Kb8
21.Kf1 Rd8f8
22.d4 exd4
23.Be3xd4 Rh8h7
24.g5 b5
25.Bc4d5 c6
26.Bd5b3 Kb7
27.Qf3f4 Rf8e8
28.f3 d5
29.exd5 Re8e1
30.Kg2 Re1e2
31.Kf1 Re2e1
32.Kg2 Re1e2
{ draw }
1/2-1/2

[Event "Match"]
[Site "www.echecsemail.com"]
[Date "2019.08.09"]
[Round "1"]
[White "Cal"]
[Black "Sonny1000"]
[WhiteElo "1670"]
[BlackElo "1530"]
[Result "1-0"]
[Round "1"]
1.c4 e5
2.e4 Qd8f6
3.d3 Bf8c5
4.Ng1f3 h6
5.h3 g5
6.a3 a5
7.b3 Qf6b6
8.Bf1e2 Bc5xf2
9.Kd2 Bf2e3
10.Kc2 Be3xc1
11.Qd1xc1 Qb6f2
12.Qc1d2 Qf2xg2
13.Nb1c3 d6
14.Ra1g1 Qg2f2
15.Rh1h2 Qf2c5
16.Kb2 Bc8e6
17.Nc3a4 Qc5c6
18.Qd2e3 Nb8a6
19.Nf3d2 O-O-O
20.d4 f6
21.d5 Qc6d7
22.Rg1c1 Be6f7
23.Be2g4 Qd7xg4
24.hxg4 Kb8
25.Nd2b1 h5
26.Nb1c3 h4
27.Nc3b5 Rd8d7
28.Qe3a7 Kc8
29.Qa7a8 Na6b8
30.Nb5a7 Kd8
31.Qa8xb8 Ke7
32.Qb8xb7 Ng8h6
33.Na7c6 Kf8
34.Qb7c8 Kg7
35.Qc8xd7 Nh6xg4
36.Qd7xg4 Bf7h5
37.Qg4d7 Bh5f7
38.Rc1f1 Kg6
39.Nc6e7 Kh5
40.Rf1xf6 Bf7e8
41.Qd7xc7 Be8xa4
42.Qc7xd6 h3
43.Qd6xe5 Kg4
44.Qe5f5 Kg3
45.Qf5f2 Kg4
46.Qf2f3 Kh4
47.Rh2xh3 { resign }
1-0

[Event "Match"]
[Site "www.echecsemail.com"]
[Date "2019.08.09"]
[Round "1"]
[White "Sonny1000"]
[Black "Cal"]
[WhiteElo "1530"]
[BlackElo "1670"]
[Result "0-1"]
[Round "1"]
1.f4 d5
2.d4 f5
3.Qd1d3 Nb8c6
4.c3 Ng8f6
5.Nb1d2 a6
6.Nd2f3 e6
7.Nf3e5 Bf8d6
8.Ne5f3 Bc8d7
9.Nf3g5 h6
10.Ng5h3 b5
11.b4 Nc6e7
12.Ra1b1 g6
13.a3 O-O
14.Qd3g3 Kh7
15.Ng1f3 Nf6h5
16.Qg3h4 Bd7e8
17.Nf3g5 hxg5
18.Nh3xg5 Kh6
19.Ng5xe6 Qd8c8
20.Ne6xf8 Be8f7
21.Qh4g5 Kg7
22.g4 Kxf8
23.Qg5h6 Kg8
24.g5 Ne7c6
25.e3 Bd6f8
26.Bf1g2 Bf8xh6
27.gxh6 Kh7
28.Bc1d2 Qc8e6
29.h4 Nh5g3
30.Rh1h3 Ng3h5
31.Kf2 Kxh6
32.Rb1g1 Nc6e7
33.Bg2f3 a5
34.Rg1b1 c6
35.Rh3h2 axb4
36.a4 Ra8xa4
37.cxb4 Ra4a2
38.Ke2 Nh5g3
39.Kd3 Qe6d6
40.Rb1b3 Ng3f1
41.Rh2g2 Ne7g8
42.Bf3h5 gxh5
43.Rg2g5 Ra2xd2
44.Kc3 Rd2e2
45.Rg5xf5 Bf7g6
46.Rf5e5 Re2c2
{ resign }
0-1

[Event "Tourn. n10162"]
[Site "www.echecsemail.com"]
[Date "2019.08.09"]
[Round "1"]
[White "Ssharp"]
[Black "Rons"]
[WhiteElo "2320"]
[BlackElo "2660"]
[Result "0-1"]
[Round "1"]
1.e4 c5
2.c3 Ng8f6
3.e5 Nf6d5
4.d4 cxd4
5.cxd4 d6
6.Bf1c4 Nd5b6
7.Bc4b5 Bc8d7
8.e6 fxe6
9.Bb5d3 g6
10.Ng1f3 Nb6d5
11.O-O Nb8c6
12.Nb1c3 Bf8g7
13.Nc3xd5 exd5
14.h3 Qd8b6
15.Bc1e3 O-O
16.Bd3e2 Ra8c8
17.b3 Nc6b4
18.a3 Nb4c2
19.Ra1b1 Bd7f5
20.Rb1b2 Nc2xe3
21.fxe3 Rc8c3
22.Qd1d2 Rc3xb3
23.Rb2xb3 Qb6xb3
24.Rf1a1 Bg7h6
25.Kf2 Bf5e4
26.a4 Rf8c8
27.Be2d1 Bh6xe3
28.Qd2xe3 Qb3b2
{ resign }
0-1

[Event "Tourn. n10154"]
[Site "www.echecsemail.com"]
[Date "2019.08.09"]
[Round "1"]
[White "Jazzy"]
[Black "Fegatux"]
[WhiteElo "2370"]
[BlackElo "2330"]
[Result "1-0"]
[Round "1"]
1.Ng1f3 Ng8f6
2.b3 g6
3.e3 Bf8g7
4.Bf1e2 O-O
5.d4 d6
6.O-O Nb8d7
7.c4 Nf6e4
8.Qd1c2 Nd7f6
9.Be2d3 d5
10.cxd5 Qd8xd5
11.Nb1d2 Ne4xd2
12.Bc1xd2 Bc8g4
13.Nf3e5 Qd5d8
14.Ne5xg4 Nf6xg4
15.Bd3e2 Ng4f6
16.Ra1c1 c6
17.Rf1d1 e6
18.Be2f3 Qd8c7
19.e4 Ra8d8
20.Bd2g5 h6
21.Bg5h4  { time }
1-0

[Event "Tourn. n10187"]
[Site "www.echecsemail.com"]
[Date "2019.08.09"]
[Round "1"]
[White "Fantomas"]
[Black "Apdash"]
[WhiteElo "2160"]
[BlackElo "2150"]
[Result "1/2-1/2"]
[Round "1"]
1.e4 c5
2.Ng1f3 d6
3.d4 cxd4
4.Nf3xd4 e5
5.Nd4f3 Nb8c6
6.Bf1e2 Bf8e7
7.O-O Ng8f6
8.Nb1c3 O-O
9.h3 Nc6d4
10.Nf3xd4 exd4
11.Qd1xd4 Bc8e6
12.Bc1f4 Qd8b6
13.Qd4xb6 axb6
14.a3 d5
15.exd5 Nf6xd5
16.Nc3xd5 Be6xd5
17.Rf1e1 Be7f6
18.c3 { draw }
1/2-1/2

[Event "Match"]
[Site "www.echecsemail.com"]
[Date "2019.08.09"]
[Round "1"]
[White "Ssharp"]
[Black "Fereike"]
[WhiteElo "2320"]
[BlackElo "1399"]
[Result "1-0"]
[Round "1"]
1.e4 c5
2.d4 cxd4
3.c3 e6
4.cxd4 Nb8c6
5.Ng1f3 Ng8f6
6.Nb1c3 Bf8e7
7.e5 Nf6d5
8.Nc3xd5 exd5
9.Bc1d2 d6
10.Bf1b5 O-O
11.O-O Bc8g4
12.Bb5xc6 bxc6
13.exd6 Be7xd6
14.h3 Bg4xf3
15.Qd1xf3 Ra8b8
16.Ra1b1 Qd8b6
17.Bd2e3 Rf8e8
18.Rf1c1 Rb8c8
19.g3 Qb6a6
20.a3  { time }
1-0

[Event "Match"]
[Site "www.echecsemail.com"]
[Date "2019.08.09"]
[Round "1"]
[White "Tonino1"]
[Black "Eeze"]
[WhiteElo "2130"]
[BlackElo "1910"]
[Result "1-0"]
[Round "1"]
1.f4 e6
2.d4 Qd8h4
3.g3 Qh4h5
4.Ng1f3 Bf8b4
5.c3 Bb4a5
6.e4 Nb8c6
7.Bf1g2  { time }
1-0

[Event "1/128 Finale"]
[Site "www.chess-mail.com"]
[Date "2019.08.09"]
[Round "1"]
[White "Ffdd65"]
[Black "Ssharp"]
[WhiteElo "2200"]
[BlackElo "2340"]
[Result "1-0"]
[Round "1"]
1.e4 e6
2.e5 d5
3.d4 c5
4.c3 Nb8c6
5.Ng1f3 Qd8b6
6.Bf1e2 cxd4
7.cxd4 Ng8h6
8.b3 Nh6f5
9.Bc1e3 Nf5xe3
10.fxe3 Bf8b4
11.Nb1d2 Bc8d7
12.O-O Bb4a3
13.Rf1f2 O-O
14.Qd1f1 Nc6b4
15.Nf3g5 Nb4c2
16.Be2d3 Nc2xe3
17.Bd3xh7 Kh8
18.Qf1d3 { resign }
1-0

[Event "Match"]
[Site "www.echecsemail.com"]
[Date "2019.08.10"]
[Round "1"]
[White "Fereike"]
[Black "Bojan"]
[WhiteElo "1610"]
[BlackElo "2010"]
[Result "0-1"]
[Round "1"]
1.d4 d5
2.e4 dxe4
3.Nb1c3 Ng8f6
4.f3 exf3
5.Ng1xf3 Nb8c6
6.Bf1c4 h6
7.O-O Nc6a5
8.Bc4e2 b6
9.Kh1 Bc8b7
10.Nf3e5 e6
 { time }
0-1

[Event "Match"]
[Site "www.echecsemail.com"]
[Date "2019.08.10"]
[Round "1"]
[White "Fantomas"]
[Black "Fereike"]
[WhiteElo "2130"]
[BlackElo "1610"]
[Result "1-0"]
[Round "1"]
1.e4 e6
2.d4 d5
3.e5 c5
4.c3 Qd8b6
5.a3 c4
6.Nb1d2 Nb8c6
7.Qd1f3 Nc6a5
8.Bf1e2 Na5b3
9.Nd2xb3 cxb3
10.Ng1h3 Ng8e7
11.Nh3g5 f5
12.g4  { time }
1-0

[Event "Tourn. n10178"]
[Site "www.echecsemail.com"]
[Date "2019.08.10"]
[Round "1"]
[White "Dussek"]
[Black "Bojan"]
[WhiteElo "1940"]
[BlackElo "1980"]
[Result "0-1"]
[Round "1"]
1.c4 g6
2.Nb1c3 b6
3.Ng1f3 d6
4.e4 Bc8b7
5.d4 Bf8g7
6.Bf1e2 e6
7.O-O h6
8.Bc1e3 Nb8d7
9.Qd1d2 Ng8f6
10.Be2d3 Qd8e7
11.Rf1e1 Nf6g4
12.Be3f4 h5
13.h3 Ng4h6
14.Nc3b5 Nd7b8
15.Bf4g5 f6
16.Bg5h4 Nh6f7
17.e5 g5
18.Bh4g3 a6
19.Nb5c3 dxe5
20.dxe5 Bb7xf3
21.gxf3 f5
22.Ra1d1 Nb8c6
23.a3 Nf7xe5
24.b3 Ne5xf3
{ resign }
0-1

[Event "Tourn. n10139"]
[Site "www.echecsemail.com"]
[Date "2019.08.10"]
[Round "1"]
[White "Vasylpuzanov"]
[Black "Fereike"]
[WhiteElo "1340"]
[BlackElo "1599"]
[Result "1-0"]
[Round "1"]
1.e4 c5
2.b4 e6
3.bxc5 Bf8xc5
4.d4 Bc5f8
5.Ng1f3 Ng8f6
6.Bf1d3 Nb8c6
7.Bc1g5 Bf8e7
8.e5 Nf6d5
9.Bg5d2 O-O
10.O-O  { time }
1-0

[Event "Tourn. n10166"]
[Site "www.echecsemail.com"]
[Date "2019.08.10"]
[Round "1"]
[White "Tartan"]
[Black "Marbachess"]
[WhiteElo "2490"]
[BlackElo "2540"]
[Result "0-1"]
[Round "1"]
1.e4 e6
2.d4 d5
3.Nb1c3 Ng8f6
4.Bc1g5 dxe4
5.Nc3xe4 Bf8e7
6.Bg5xf6 Be7xf6
7.Ng1f3 O-O
8.Qd1d2 Nb8d7
9.O-O-O b6
10.Bf1c4 Bc8b7
11.d5 b5
12.Bc4b3 c5
13.Ne4d6 e5
14.Nd6xb7 Qd8b6
15.Nb7a5 e4
16.Nf3g1 c4
17.Na5c6 Nd7e5
{ resign }
0-1